Aap Ki Kasam (Record no. 20684)
[ view plain ]
| 000 -LEADER | |
|---|---|
| fixed length control field | 01754ngm a2200373 4500 |
| 003 - CONTROL NUMBER IDENTIFIER | |
| control field | dpl |
| 005 - DATE AND TIME OF LATEST TRANSACTION | |
| control field | 20090107112410.0 |
| 007 - PHYSICAL DESCRIPTION FIXED FIELD--GENERAL INFORMATION | |
| fixed length control field | DVD |
| 008 - FIXED-LENGTH DATA ELEMENTS--GENERAL INFORMATION | |
| fixed length control field | ||||||sp199 xxu|||||c ||| 00| 0 ng d |
| 010 ## - LIBRARY OF CONGRESS CONTROL NUMBER | |
| LC control number | DVD-001966-1968 |
| 024 ## - OTHER STANDARD IDENTIFIER | |
| Standard number or code | SHE 312 F2 |
| Terms of availability | 49.00 |
| 035 ## - SYSTEM CONTROL NUMBER | |
| System control number | DVD-001966-1968 |
| 040 ## - CATALOGING SOURCE | |
| Original cataloging agency | DPL |
| Transcribing agency | DPL |
| 082 ## - DEWEY DECIMAL CLASSIFICATION NUMBER | |
| Classification number | DVD / AAPK |
| 245 ## - TITLE STATEMENT | |
| Title | Aap Ki Kasam |
| Statement of responsibility, etc | Filmyug Presents |
| Medium | [videorecording] VCD/ |
| 260 ## - PUBLICATION, DISTRIBUTION, ETC. (IMPRINT) | |
| Name of publisher, distributor, etc | Shemaroo Video Pvt. Ltd. |
| 300 ## - PHYSICAL DESCRIPTION | |
| Extent | 2 videodisc VCD; |
| Other physical details | sd., col. ; |
| Dimensions | 4 3/4 in. |
| Type of unit | VCD |
| 440 ## - SERIES STATEMENT/ADDED ENTRY--TITLE | |
| Title | Shemaroo Home Entertainment |
| 500 ## - GENERAL NOTE | |
| General note | This is a Video CD with Digital Audio, Full Motion Video and Play Back Control suitable for Video CD players and Multimedia Pc's with MPEG card. |
| 500 ## - GENERAL NOTE | |
| General note | This title is complete with 2 discs Not to be sold individually |
| 538 ## - SYSTEM DETAILS NOTE | |
| System details note | Dolby Digital 5.1 - Hindi Subtitles: English |
| 650 ## - SUBJECT ADDED ENTRY--TOPICAL TERM | |
| Topical term or geographic name as entry element | Motion Picture |
| 700 ## - ADDED ENTRY--PERSONAL NAME | |
| Personal name | J Om Prakash |
| 700 ## - ADDED ENTRY--PERSONAL NAME | |
| Personal name | Burman, R. D. |
| 700 ## - ADDED ENTRY--PERSONAL NAME | |
| Personal name | Khanna, Rajesh |
| 700 ## - ADDED ENTRY--PERSONAL NAME | |
| Personal name | Mumtaz |
| 700 ## - ADDED ENTRY--PERSONAL NAME | |
| Personal name | Sanjeev Kumar |
| 700 ## - ADDED ENTRY--PERSONAL NAME | |
| Personal name | Ranjeet |
| 942 ## - ADDED ENTRY ELEMENTS (KOHA) | |
| Koha item type | CD-ROMs, DVDs, VHS |
| Source of classification or shelving scheme | Dewey Decimal Classification |
| Classification part | DVD |
| Call number suffix | AAPK |
| Withdrawn status | Lost status | Source of classification or shelving scheme | Damaged status | Not for loan | Home library | Current library | Date acquired | Source of acquisition | Cost, normal purchase price | Total Checkouts | Full call number | Barcode | Date last seen | Date checked out | Copy number | Cost, replacement price | Price effective from | Koha item type | Total Renewals | Public note |
|---|---|---|---|---|---|---|---|---|---|---|---|---|---|---|---|---|---|---|---|---|
| Dewey Decimal Classification | Central Library | Central Library | 07/01/2009 | Purchase | 49.00 | 23 | DVD AAPK | DVD-001966 | 05/07/2014 | 20/06/2014 | 1 | 49.00 | 07/01/2009 | CD-ROMs, DVDs, VHS | ||||||
| Dewey Decimal Classification | Patel Nagar | Patel Nagar | 07/01/2009 | Purchase | 49.00 | 13 | DVD AAPK | DVD-001968 | 10/10/2013 | 09/10/2013 | 1 | 49.00 | 07/01/2009 | CD-ROMs, DVDs, VHS | 1 | |||||
| Dewey Decimal Classification | Sarojini Nagar | Sarojini Nagar | 07/01/2009 | Purchase | 49.00 | 6 | DVD AAPK | DVD-001967 | 07/03/2011 | 05/03/2011 | 1 | 49.00 | 07/01/2009 | CD-ROMs, DVDs, VHS | 1 | Recived Cost OF Dvd-001967 Rs. 49/= Only vIde R.No 2269/33 dt 7-03-2011 |
